000 01039nam a2200277Ia 4500
005 20240530102603.0
008 140319s1991 xx 000 0 ara d
040 _aGCL /
_cGCL
082 0 4 _a530.142 /
_bك م
100 1 _aكاكو، ميشيو
245 1 0 _aما بعد اينشتاين البحث العلمى عن نظرية للكون /
_cتاليف كاكو، ميشيو ، ترينر ، جنيفر ؛ مترجم فايز فوق العادة ، مراجع محمد دبس
260 _aبيروت :
_bاكاديميا انترناشيونال ،
_c1991
300 _a232 ص؛
_c22 سم
650 0 4 _aالفلسفة
650 0 4 _aالفضاء
650 0 4 _aنظريات
650 0 4 _aالفلك
650 0 4 _aالارض
650 0 4 _aالكون
650 0 4 _aالكونيات
650 0 4 _aالحياة على الكواكب
700 1 _aترينر، جنيفر
_eمؤلف مشارك
700 1 _aفايز فوق العادة
_eمراجع
942 _2ddc
_cBK
999 _c33225
_d33225